[Event "Chigorin Memorial 28th"]
[Site "St Petersburg"]
[Date "2021.10.27"]
[Round "5"]
[White "Deruchenko, Ivan"]
[Black "Piatrenka, Ivan"]
[Result "1/2-1/2"]
[WhiteElo "1497"]
[BlackElo "1837"]
[PlyCount "151"]
[EventDate "2021.10.23"]
[EventType "swiss"]
[EventRounds "9"]
[EventCountry "RUS"]
[SourceTitle "EXT 2023"]
[Source "ChessBase"]
[SourceDate "2022.10.05"]
[SourceVersion "1"]
[SourceVersionDate "2022.10.05"]
[SourceQuality "1"]

1. d4 Nf6 2. c4 g6 3. Nc3 Bg7 4. e4 d6 5. f3 0-0 6. Be3 Nc6 7. Qd2 e5 8. d5 Nd4 9. Nge2 c5 10. dxc6 bxc6 11. Nxd4 exd4 12. Bxd4 Re8 13. Be2 Qa5 14. Rd1 Be6 15. 0-0 Rab8 16. f4 c5 17. Bxf6 Bxf6 18. f5 Bc8 19. fxg6 Bd4+ 20. Kh1 hxg6 21. Qf4 Be6 22. Nd5 Bxd5 23. cxd5 Qc7 24. b3 Re5 25. Rf3 Rbe8 26. Bd3 Rh5 27. Rh3 Ree5 28. Rxh5 Rxh5 29. h3 Be5 30. Qg4 Qe7 31. Rf1 Kg7 32. Qc8 Rh4 33. Be2 Rf4 34. Rxf4 Bxf4 35. Qg4 Qxe4 36. Qf3 Qd4 37. g3 Be5 38. a4 Qa1+ 39. Kg2 Qb2 40. Kh1 Bc3 41. Bc4 Qd2 42. Qe2 Qc1+ 43. Kg2 Be5 44. Qf1 Qe3 45. Qf3 Qd2+ 46. Qe2 Qg5 47. Qf3 f5 48. h4 Qd2+ 49. Qe2 Qd4 50. Qd3 Qb2+ 51. Qe2 Qc3 52. Qf3 Qe1 53. Qf2 Qc1 54. Qf1 Qh6 55. Qf2 Qh5 56. Be2 Qh8 57. Bc4 Qf8 58. Qf3 Qf6 59. Bd3 Bd4 60. Kh3 Qe5 61. Qe2 Be3 62. Bc4 Kf6 63. Qf3 Qd4 64. g4 Ke5 65. gxf5 gxf5 66. Qg3+ Ke4 67. Qg2+ Ke5 68. Qg3+ Ke4 69. Qg2+ Ke5 70. Qg7+ Ke4 71. Qg2+ Kf4 72. Qg3+ Ke4 73. Qg2+ Ke5 74. Qg7+ Ke4 75. Qg2+ Kf4 76. Qg3+ 1/2-1/2